000 00839cam a2200205 4500
001 ABS62283
008 000000n2000 000 0 eng u
035 _a(Sirsi) u106272
100 _aBarrick, A.
245 _aDoes the Construction Act really work?
260 _c2000
490 _aBuilding
_v265(8136) 12 May 2000, 20-23(4)
520 _aTwo years on, considers views of the Construction Act, and suggests ways in which adjudication could be improved. Diagrams.
590 _aABS
650 _aHOUSING GRANTS, CONSTRUCTION AND REGENERATION ACT 1996
650 _aMANAGEMENT-DISPUTE AVOIDANCE, MANAGEMENT AND RESOLUTION-DISPUTE MANAGEMENT AND RESOLUTION-ALTERNATIVE DISPUTE RESOLUTION-ADJUDICATION
650 _aHOUSING GRANTS CONSTRUCTION AND REGENERATION ACT 1996
690 _aBUILDING AND CONSTRUCTION-LAW
942 _n0
999 _c63646
_d63646